| 000 | 00963nam a2200265 a 4500 | ||
|---|---|---|---|
| 001 | 000022873 | ||
| 005 | 20200930021841.0 | ||
| 008 | 101120s1968 mx ab r 001 0 spa d | ||
| 040 |
_aDO-SdBNP _bspa _cBNPHU |
||
| 041 | 1 | 7 |
_aspa _heng _2Código de idiomas MARC |
| 082 |
_annnn _bD866r, 1968 |
||
| 100 | 1 |
_aDuggan, Alfred, _d1903-1964 _947007 |
|
| 240 | 1 | 4 |
_aThe romans. _lEspañol. |
| 245 | 1 | 4 |
_aLos romanos / _cAlfred Duggan ; traducción de María Luisa Díez Canedo ; Ilustraciones de Ríchard M. Powers. |
| 250 | _a2a ed. | ||
| 260 |
_aMéxico : _bJoquín Mortiz, _c1968. |
||
| 300 |
_a118 p. : _bil., mapas ; _c20 cm. |
||
| 490 | 1 | _aCúlturas básicas del mundo | |
| 500 | _aIncluye índice | ||
| 534 |
_pTítulo original en inglés: _tThe romans. _cUSA: The World Publishing, 1964 |
||
| 700 | 1 |
_aDíez Canedo, María Luisa, _etr. _947008 |
|
| 700 | 1 |
_aPowers, Ríchard M., _eill. _939352 |
|
| 830 | 0 |
_aCúlturas básicas del mundo _947009 |
|
| 049 | _aBNGR | ||
| 999 |
_c22370 _d22370 |
||